Counties of Albania - Statistics

General Stats
  • This quiz has been taken 12 times
  • The average score is 9 of 12
Answer Stats
County % Correct
Tirana
100%
Durrës
91%
Shkodër
82%
Vlorë
82%
Fier
73%
Berat
64%
Dibër
64%
Elbasan
64%
Gjirokastër
64%
Korçë
64%
Kukës
55%
Lezhë
55%
No matching quizzes found
Score Distribution
Percent of People with Each Score
Percentile by Number Answered
Your Score History
You have not taken this quiz